A Course in Game Theory (Record no. 43427)

MARC details
000 -LEADER
fixed length control field 00444nam a22001697a 4500
005 - DATE AND TIME OF LATEST TRANSACTION
control field 20250327092049.0
008 - FIXED-LENGTH DATA ELEMENTS--GENERAL INFORMATION
fixed length control field 250327b |||||||| |||| 00| 0 eng d
020 ## - INTERNATIONAL STANDARD BOOK NUMBER
International Standard Book Number 9781944660970
041 ## - LANGUAGE CODE
Language code of text/sound track or separate title Eng.
082 ## - DEWEY DECIMAL CLASSIFICATION NUMBER
Classification number 519.3 FER
100 ## - MAIN ENTRY--PERSONAL NAME
Author Ferguson, Thomas S.
245 ## - TITLE STATEMENT
Title A Course in Game Theory
260 ## - PUBLICATION, DISTRIBUTION, ETC.
Place New Jersey
Publisher World Scientific
Publication Year 2024
300 ## - PHYSICAL DESCRIPTION
Extent 390;. P. 23 cm
650 ## - SUBJECT ADDED ENTRY--TOPICAL TERM
Subject Game Theory; Mathematical Statistics
942 ## - ADDED ENTRY ELEMENTS (KOHA)
Koha item type Books
Holdings
Withdrawn status Lost status Source of classification or shelving scheme Damaged status Not for loan Home library Current library Shelving location Accession Date Vendor Price Bill number Full call number Barcode No Date last seen Discount Bill Date Koha item type Suggested By
    Dewey Decimal Classification     IMTN IMTN Rack 18-A 03/24/2025 Raghav Books Private Limited 13395.00 2374 519.3 FER 33718 03/27/2025 30 02/14/2025 Books Dr. Veena Pailwar
Designed & Maintained by: LRC IMT Nagpur Contact: lrc@imtnag.ac.in© 2024. All Rights Reserved.